Normal view
MARC view
- Rossi Carlo Alberto (Cicero)
Entry Personal Name
001 - CONTROL NUMBER
- control field: 6189
003 - CONTROL NUMBER IDENTIFIER
- control field: IT-RoPau
005 - DATE AND TIME OF LATEST TRANSACTION
- control field: 20131219100916.0
008 - FIXED-LENGTH DATA ELEMENTS
- fixed length control field: 131219|| aca||aabn | a|a d
040 ## - CATALOGING SOURCE
- Original cataloging agency: IT-RoPau
- Transcribing agency: IT-RoPau
100 ## - HEADING--PERSONAL NAME
- Personal name: Rossi Carlo Alberto (Cicero)
- Miscellaneous information: Codice autore testo/musica SPICS: 13130
- Relator term: Autore testo/musica
- Name of part/section of a work: Guarda come dondolo - Andiamo a mietere il grano
670 ## - SOURCE DATA FOUND
- Source citation: Work cat.: (IT-RoPau)99707: AA.VV. 794, Lunga estate degli anni '60 (La)-Lp Nl 33031